Heute hier morgen dort - Liedtext / Lyrics - Statistiken

Allgemein
  • Dieses Quiz wurde 439 mal gespielt
  • Das Durchschnittsergebnis liegt bei 89 aus 136
Antwortstatistiken
Antwort % Korrekt
dort
100%
hier
100%
morgen
100%
heut´
99%
ich/schon
98%
da
97%
ich
97%
Heute
94%
bin
90%
fort
86%
und
85%
die
84%
muss
84%
es
83%
hab
80%
Hab
80%
kaum
80%
so
80%
So
80%
wie
80%
nie
79%
mich
78%
wär´
77%
war
77%
ja
75%
nicht
75%
gestern
72%
Jahr
71%
bleib
70%
ist
70%
mir
70%
schon
70%
zu
70%
nach
69%
niemals
69%
dass
68%
Dass
68%
um
68%
was
68%
dann
67%
ein´
67%
Jahre
67%
gezählt
66%
bleibt
63%
gefragt
63%
man
63%
nichts
63%
selbst
62%
klar
61%
deswegen
60%
gewählt
60%
vergeht
60%
anderes
59%
tun
59%
beklagt
58%
Zeit
58%
denk´
57%
ganz
57%
nun
56%
längst
55%
Manchmal
55%
bleiben
54%
schwer
54%
träume
54%
noch
51%
oder
49%
im
47%
vermisst
47%
wieder
47%
Tagen
46%
vergisst
46%
wenn
44%
mein
42%
mehr
41%
denn
39%
Denn
39%
and´ren
36%
anderswo
34%
dem
34%
Sinn
33%
kümmert
32%
Gesicht
31%
vielleicht
31%
wird
31%
einer
29%
fällt
29%
stört
29%
gilt/stimmt
28%
galt
27%
warum
27%
stumm
25%
Antwort
23%
alt
22%
darauf
22%
Fragt
22%
neu
21%
Keine übereinstimmenden Quizze gefunden
Verteilung der Resultate
Anzahl Personen mit jedem Resultat
Perzentil nach korrekt beantworteten Fragen
Ihre Resultats-Entwicklung
Sie haben dieses Quiz noch nicht gespielt